[Event "ChBLR2012w"]
[Site "?"]
[Date "2012.01.13"]
[Round "4.1"]
[White "Ziaziulkina, Nastassia"]
[Black "Beinenson, Ekaterina"]
[Result "1-0"]
[WhiteElo "2290"]
[BlackElo "1914"]
[PlyCount "69"]
[EventDate "2012.01.11"]
[SourceDate "2012.01.11"]

1. e4 c5 2. Nf3 Nc6 3. d4 cxd4 4. Nxd4 Qb6 5. Nb3 Nf6 6. Nc3 e6 7. Qe2 d6 8. g4
Be7 9. Be3 Qc7 10. g5 Nd7 11. O-O-O a6 12. f4 b5 13. h4 Bb7 14. Bh3 b4 15. Nd5
exd5 16. exd5 Na5 17. Nxa5 Qxa5 18. Rhe1 Qb5 19. Bd4 Qxe2 20. Rxe2 Kd8 21. Bxg7
Rg8 22. Rde1 Rxg7 23. Rxe7 Nc5 24. f5 Bxd5 25. f6 Rg8 26. Rd1 Be6 27. Rxd6+ Kc8
28. Bg2 Rb8 29. Rc6+ Kd8 30. Rxc5 Rc8 31. Rxc8+ Kxc8 32. Ra7 Rd8 33. Ra8+ Kc7
34. Rxd8 Kxd8 35. Be4 1-0

[Event "ChBLR2012w"]
[Site "?"]
[Date "2012.01.13"]
[Round "2.2"]
[White "Morgaenko, Ekaterina"]
[Black "Revo, Tatiana"]
[Result "0-1"]
[WhiteElo "2066"]
[BlackElo "1866"]
[PlyCount "70"]
[EventDate "2012.01.11"]
[SourceDate "2012.01.11"]

1. d4 Nf6 2. c4 g6 3. Nc3 Bg7 4. e4 d6 5. Be2 O-O 6. Bg5 Na6 7. h4 e5 8. d5 c6
9. h5 cxd5 10. cxd5 Bd7 11. hxg6 fxg6 12. Qd2 Nc5 13. f3 Qa5 14. Rb1 Qd8 15.
Nh3 Rb8 16. b4 Na4 17. Nb5 a6 18. Nc3 Nxc3 19. Qxc3 Rc8 20. Qd2 h6 21. Be3 Nh5
22. g4 Ng3 23. Rh2 Nxe4 24. fxe4 Qh4+ 25. Bf2 Rxf2 26. Rxf2 Qxh3 27. Bf1 Qxg4
28. Qe3 h5 29. Rg2 Qh4+ 30. Kd2 Kh7 31. Qg3 Bh6+ 32. Kd1 Ba4+ 33. Rb3 Rc1+ 34.
Ke2 Qxe4+ 35. Kf2 Qe1+ 0-1

[Event "ChBLR2012w"]
[Site "?"]
[Date "2012.01.12"]
[Round "4.5"]
[White "Nevioselaya, Maria"]
[Black "Tereshkova, Marina"]
[Result "1-0"]
[WhiteElo "1959"]
[BlackElo "1903"]
[PlyCount "111"]
[EventDate "2012.01.11"]
[SourceDate "2012.01.11"]

1. e4 e5 2. Nf3 Nc6 3. Bc4 Nf6 4. d3 Bc5 5. O-O O-O 6. Nbd2 a6 7. c3 d6 8. Bb3
h6 9. h3 Be6 10. Bc2 d5 11. exd5 Bxd5 12. Nb3 Bd6 13. Be3 Nd7 14. Nfd2 Qh4 15.
Qg4 Qxg4 16. hxg4 Nf6 17. f3 b6 18. Rae1 Be6 19. d4 exd4 20. Nxd4 Nxd4 21. Bxd4
Rad8 22. Bb3 Nd5 23. Ne4 c5 24. Bf2 Bf4 25. g3 Bb8 26. Rd1 Nc7 27. Kg2 Bxb3 28.
axb3 Ne6 29. b4 cxb4 30. Bxb6 Rxd1 31. Rxd1 bxc3 32. bxc3 Bc7 33. Bxc7 Nxc7 34.
Rd7 Ne6 35. Ra7 Rb8 36. f4 Rb6 37. Kf3 Rc6 38. Ke3 Nc7 39. Kd3 Kf8 40. c4 Ke8
41. c5 Nb5 42. Ra8+ Ke7 43. f5 g6 44. f6+ Ke6 45. Re8+ Kd5 46. Re7 Rc7 47. Nd6
Rxc5 48. Nxf7 Rc3+ 49. Ke2 Nd4+ 50. Kd2 Rf3 51. Re5+ Kc6 52. Nd8+ Kc7 53. Rd5
Nc6 54. Ne6+ Kb6 55. Nf4 g5 56. f7 1-0

[Event "ChBLR2012w"]
[Site "?"]
[Date "2012.01.13"]
[Round "4.4"]
[White "Sharevich, Anna"]
[Black "Stetsko, Lanita"]
[Result "1-0"]
[WhiteElo "2267"]
[BlackElo "2115"]
[PlyCount "87"]
[EventDate "2012.01.11"]
[SourceDate "2012.01.11"]

1. d4 Nf6 2. c4 e6 3. g3 d5 4. Bg2 dxc4 5. Nf3 Nc6 6. Qa4 Bb4+ 7. Bd2 Nd5 8.
Bxb4 Ndxb4 9. O-O O-O 10. a3 Nd5 11. Qxc4 Bd7 12. Qc2 Qf6 13. Rd1 Rad8 14. Nc3
Nxc3 15. Qxc3 Qf5 16. Rac1 Qb5 17. e4 Bc8 18. b4 h6 19. Qe3 a5 20. Bf1 Qb6 21.
b5 Ne7 22. Ne5 f6 23. Nf3 Qd6 24. Qc3 f5 25. e5 Qd5 26. Qxc7 Qxf3 27. Qxe7 Rde8
28. Qc5 b6 29. Qc3 Bb7 30. Qxf3 Bxf3 31. Rd3 Be4 32. Rdc3 Rd8 33. f3 Ba8 34.
Bc4 Rfe8 35. Rd1 Kf8 36. Kf2 Re7 37. Bb3 Bb7 38. Ke3 g5 39. a4 Kf7 40. d5 exd5
41. Kd4 f4 42. Rdc1 Red7 43. g4 Ke8 44. Bc2 1-0

[Event "ChBLR2012w"]
[Site "?"]
[Date "2012.01.13"]
[Round "4.5"]
[White "Eidelson, Rakhil"]
[Black "Kasperovich, Ekaterina"]
[Result "0-1"]
[WhiteElo "2251"]
[BlackElo "2056"]
[PlyCount "140"]
[EventDate "2012.01.11"]
[SourceDate "2012.01.11"]

1. e4 Nf6 2. e5 Nd5 3. d4 d6 4. Nf3 g6 5. h3 Bg7 6. Bc4 c6 7. O-O O-O 8. Bb3 h6
9. Qe2 Be6 10. Re1 Nd7 11. c4 N5b6 12. exd6 exd6 13. Be3 Nf6 14. Nc3 Re8 15.
Rad1 d5 16. c5 Nbd7 17. Bc2 b6 18. Qd2 Kh7 19. cxb6 axb6 20. a3 Ng8 21. Ne2 Ne7
22. g4 Nc8 23. Bf4 b5 24. Ng3 Ncb6 25. Nf5 Nc4 26. Qc1 Bxf5 27. gxf5 Nf6 28.
Ne5 Nxe5 29. dxe5 Nh5 30. fxg6+ fxg6 31. Bxg6+ Kxg6 32. Qc2+ Kf7 33. Qf5+ Nf6
34. exf6 Rxe1+ 35. Rxe1 Qxf6 36. Qd7+ Kg8 37. Be5 Qg6+ 38. Kh1 Re8 39. f4 Qf7
40. Qg4 Kh7 41. Qg3 Bf6 42. Rg1 Bxe5 43. fxe5 Rg8 44. Qd3+ Kh8 45. Rxg8+ Kxg8
46. b4 Qe6 47. Qg3+ Kf7 48. Qf4+ Kg6 49. Kh2 Qf5 50. Qg3+ Kf7 51. Qe3 Qc2+ 52.
Kg3 Qg6+ 53. Kh2 Ke6 54. h4 Qh5 55. Qc5 Qxe5+ 56. Kh3 Qf5+ 57. Kg3 Qg6+ 58. Kh2
Ke5 59. Qe3+ Qe4 60. Qc3+ d4 61. Qc5+ Qd5 62. Qe7+ Qe6 63. Qc5+ Ke4 64. Qc2+ d3
65. Qg2+ Kd4 66. Qb2+ Ke3 67. Qc3 Ke2 68. Kg3 Qe3+ 69. Kg2 d2 70. Qc2 Ke1 0-1

[Event "ChBLR2012w"]
[Site "?"]
[Date "2012.01.14"]
[Round "5.1"]
[White "Revo, Tatiana"]
[Black "Ziaziulkina, Nastassia"]
[Result "0-1"]
[WhiteElo "2066"]
[BlackElo "2290"]
[Annotator ",USER"]
[PlyCount "54"]
[EventDate "2012.01.11"]
[SourceDate "2012.01.11"]

1. e4 c5 2. Nf3 d6 3. d4 cxd4 4. Nxd4 Nf6 5. Nc3 a6 6. Be3 e5 7. Nb3 Be6 8. f3
Nbd7 9. Qd2 h5 10. Nd5 Bxd5 11. exd5 g6 12. Be2 Qc7 13. c4 b6 14. O-O Bg7 15.
Bd3 O-O 16. Rac1 Rfe8 17. Qf2 Nc5 18. Nxc5 bxc5 19. b4 cxb4 20. c5 Nxd5 21.
cxd6 Qxd6 22. Bc5 Qf6 23. Bc4 Red8 24. Rfd1 Bh6 25. Rc2 Nf4 26. Rcd2 Nh3+ 27.
gxh3 Qg5+ 0-1

[Event "ChBLR2012w"]
[Site "?"]
[Date "2012.01.14"]
[Round "5.2"]
[White "Beinenson, Ekaterina"]
[Black "Eidelson, Rakhil"]
[Result "1/2-1/2"]
[WhiteElo "1914"]
[BlackElo "2251"]
[PlyCount "122"]
[EventDate "2012.01.11"]
[SourceDate "2012.01.11"]

1. d4 Nf6 2. Nf3 g6 3. Bf4 Bg7 4. Nbd2 d5 5. e3 O-O 6. Be2 c5 7. c3 Nc6 8. Ne5
Nd7 9. Ndf3 f6 10. Nxd7 Qxd7 11. h4 e5 12. Bg3 cxd4 13. exd4 e4 14. Nd2 f5 15.
Bf4 Nd8 16. Nb3 Nf7 17. Nc5 Qe7 18. g4 fxg4 19. Bxg4 b6 20. Nb3 Bxg4 21. Qxg4
Nh6 22. Qg5 Qxg5 23. hxg5 Rxf4 24. gxh6 Bf6 25. Ke2 Rf8 26. Raf1 Bg5 27. Nd2
Re8 28. Rfg1 Bh4 29. Rh2 Ref8 30. Rf1 Be7 31. f3 Bd6 32. Rh3 g5 33. fxe4 Rxf1
34. Nxf1 dxe4 35. Re3 Rf6 36. Rxe4 Rxh6 37. Re8+ Kf7 38. Ra8 Re6+ 39. Kf3 h5
40. Rxa7+ Kg6 41. Ne3 Rf6+ 42. Kg2 g4 43. Rb7 g3 44. Rxb6 h4 45. Kh3 Re6 46.
Ng2 Kf5 47. Rb5+ Ke4 48. Nxh4 Rh6 49. Rg5 Rxh4+ 50. Kxh4 Be7 51. Kxg3 Bxg5 52.
a4 Kd5 53. Kf3 Bc1 54. Ke2 Bxb2 55. Kd3 Ba3 56. c4+ Kc6 57. Kc3 Kb6 58. Kd3 Bb4
59. Ke4 Kc6 60. Ke5 Bc3 61. Ke4 Bb4 1/2-1/2

[Event "ChBLR2012w"]
[Site "?"]
[Date "2012.01.14"]
[Round "5.4"]
[White "Kasperovich, Ekaterina"]
[Black "Nevioselaya, Maria"]
[Result "0-1"]
[WhiteElo "2056"]
[BlackElo "1959"]
[PlyCount "77"]
[EventDate "2012.01.11"]
[SourceDate "2012.01.11"]

1. d4 d5 2. c4 c6 3. Nf3 Nf6 4. Nc3 dxc4 5. a4 Na6 6. e4 Bg4 7. Bxc4 Bxf3 8.
gxf3 e6 9. Be3 Nb4 10. Qb3 Be7 11. Rg1 O-O 12. Kf1 Kh8 13. Kg2 a6 14. a5 Qc7
15. Na4 c5 16. Nxc5 Bxc5 17. dxc5 Nc6 18. Qc3 e5 19. b4 Nh5 20. Rad1 Qe7 21.
Bd5 Rae8 22. Bxc6 bxc6 23. Rd6 f5 24. Kh1 fxe4 25. fxe4 Qf7 26. Qd3 Qf3+ 27.
Rg2 Qh3 28. Qd1 Nf6 29. Rg3 Qh4 30. f3 Nh5 31. Rg5 Qh3 32. Bf2 Rxf3 33. Rd8 Rg8
34. Rxg8+ Kxg8 35. Qd8+ Rf8 36. Qd2 Qf3+ 37. Kg1 Nf4 38. Qa2+ Kh8 39. Rf5 0-1

[Event "ChBLR2012w"]
[Site "?"]
[Date "2012.01.14"]
[Round "5.5"]
[White "Stetsko, Lanita"]
[Black "Morgaenko, Ekaterina"]
[Result "1-0"]
[WhiteElo "2115"]
[BlackElo "1866"]
[PlyCount "67"]
[EventDate "2012.01.11"]
[SourceDate "2012.01.11"]

1. e4 e5 2. Nf3 Nc6 3. Bb5 a6 4. Ba4 Nf6 5. O-O Nxe4 6. d4 b5 7. Bb3 d5 8. dxe5
Be6 9. Be3 Bc5 10. Bxc5 Nxc5 11. c3 Nxb3 12. axb3 O-O 13. Re1 Bg4 14. Qd3 Bxf3
15. Qxf3 Re8 16. Qg3 Qd6 17. f4 Qc5+ 18. Qf2 Qe7 19. Nd2 g5 20. Qg3 Kh8 21. Nf3
gxf4 22. Qxf4 Nd8 23. Qf6+ Qxf6 24. exf6 Re6 25. Nd4 Rxf6 26. Re8+ Kg7 27. Nxb5
Rc6 28. Nd4 Rf6 29. g4 Rb6 30. Rf1 Rab8 31. Nf5+ Kf6 32. b4 Kg5 33. Ne3 d4 34.
Rf5+ 1-0

[Event "ChBLR2012w"]
[Site "?"]
[Date "2012.01.15"]
[Round "6.2"]
[White "Morgaenko, Ekaterina"]
[Black "Tereshkova, Marina"]
[Result "1/2-1/2"]
[WhiteElo "1866"]
[BlackElo "1903"]
[PlyCount "40"]
[EventDate "2012.01.11"]
[SourceDate "2012.01.11"]

1. d4 Nf6 2. c4 e6 3. Nc3 Bb4 4. Qc2 c5 5. Nf3 Nc6 6. e3 O-O 7. Bd3 d5 8. dxc5
dxc4 9. Bxc4 Bxc5 10. O-O b6 11. a3 Bb7 12. Rd1 Qc8 13. b4 Be7 14. Qb3 Ng4 15.
Be2 Nge5 16. Bb2 Nxf3+ 17. Bxf3 Ne5 18. Be4 Bxe4 19. Nxe4 Qc4 20. Qc3 Qxe4
1/2-1/2

[Event "ChBLR2012w"]
[Site "?"]
[Date "2012.01.15"]
[Round "6.3"]
[White "Ziaziulkina, Nastassia"]
[Black "Stetsko, Lanita"]
[Result "1-0"]
[WhiteElo "2290"]
[BlackElo "2115"]
[PlyCount "71"]
[EventDate "2012.01.11"]
[SourceDate "2012.01.11"]

1. e4 e5 2. Nf3 Nc6 3. Bb5 a6 4. Ba4 Nf6 5. O-O Be7 6. d3 b5 7. Bb3 O-O 8. Re1
d6 9. a4 b4 10. h3 Bb7 11. Nbd2 Re8 12. Nc4 Bf8 13. c3 g6 14. a5 Bg7 15. Ba4
bxc3 16. bxc3 Rb8 17. Rb1 Ba8 18. Rxb8 Qxb8 19. d4 Rd8 20. d5 Na7 21. Bg5 h6
22. Bxf6 Bxf6 23. Qd3 c6 24. Rb1 Qc7 25. Nb6 Nb5 26. Nxa8 Rxa8 27. dxc6 Qxa5
28. Bxb5 axb5 29. Rxb5 Qc7 30. Qd5 Rb8 31. Rb7 Rxb7 32. cxb7 Bd8 33. Qb5 Qb8
34. Qd7 Bc7 35. Qc8+ Kg7 36. Nd2 1-0

[Event "ChBLR2012w"]
[Site "?"]
[Date "2012.01.16"]
[Round "7.1"]
[White "Beinenson, Ekaterina"]
[Black "Nevioselaya, Maria"]
[Result "1/2-1/2"]
[WhiteElo "1914"]
[BlackElo "1959"]
[PlyCount "146"]
[EventDate "2012.01.11"]
[SourceDate "2012.01.11"]

1. e4 c6 2. d4 d5 3. exd5 cxd5 4. Bd3 Nc6 5. c3 g6 6. Nf3 Bg7 7. O-O Nf6 8. h3
Qd6 9. Re1 Nh5 10. b4 Nd8 11. b5 Ne6 12. Ba3 Qd8 13. Qa4 O-O 14. Nbd2 Re8 15.
Qb4 Nef4 16. Bf1 Bf8 17. Qb3 Ng7 18. Ne5 f6 19. Ng4 Nf5 20. g3 Ne6 21. Bg2 Nc7
22. Re2 h5 23. Nh2 Kh8 24. g4 Ng7 25. Ndf3 hxg4 26. Nxg4 Nh5 27. Bc1 Ne6 28.
Nh4 Nef4 29. Bxf4 Nxf4 30. Re3 g5 31. Nf3 Bf5 32. Rae1 Kg7 33. Nfh2 Qd7 34. Rg3
e6 35. h4 Ng6 36. hxg5 fxg5 37. Ne5 Qd8 38. Nhf3 Be7 39. Nxg6 Kxg6 40. Nh4+ Kf6
41. Nxf5 exf5 42. Qxd5 Qxd5 43. Bxd5 f4 44. Rh3 Bf8 45. Rxe8 Rxe8 46. Bxb7 Re1+
47. Kg2 g4 48. Rd3 f3+ 49. Bxf3 gxf3+ 50. Kxf3 Ra1 51. Ke4 Rxa2 52. Rf3+ Ke7
53. c4 Bg7 54. Kd5 Rd2 55. Rf4 Bh6 56. Re4+ Kd7 57. Rh4 Bg5 58. Rg4 Bf6 59. Rf4
Bxd4 60. Rxd4 Rxf2 61. c5 Kc7 62. Kc4 Rc2+ 63. Kb4 Rb2+ 64. Ka5 Rc2 65. c6 Ra2+
66. Kb4 Rb2+ 67. Kc4 Rc2+ 68. Kd3 Rc5 69. Rd7+ Kc8 70. Rxa7 Rxb5 71. Kc4 Rb1
72. Ra5 Kc7 73. Ra6 Rc1+ 1/2-1/2

[Event "ChBLR2012w"]
[Site "?"]
[Date "2012.01.16"]
[Round "7.2"]
[White "Revo, Tatiana"]
[Black "Kasperovich, Ekaterina"]
[Result "1-0"]
[WhiteElo "2066"]
[BlackElo "2056"]
[PlyCount "85"]
[EventDate "2012.01.11"]
[SourceDate "2012.01.11"]

1. e4 e5 2. Nf3 Nc6 3. d4 exd4 4. Nxd4 Bc5 5. Nb3 Bb6 6. Nc3 Qf6 7. Qe2 Nge7 8.
Be3 O-O 9. O-O-O d6 10. Rg1 Be6 11. Kb1 Rad8 12. Bxb6 axb6 13. Nb5 Rd7 14. N3d4
Ne5 15. Qd2 c6 16. Nc3 N7g6 17. h4 Nxh4 18. f4 Nc4 19. Qf2 Ne5 20. Nf5 Nxf5 21.
fxe5 dxe5 22. Rxd7 Bxd7 23. exf5 Bxf5 24. g4 Be6 25. Qxf6 gxf6 26. Ne4 Kg7 27.
Be2 Rd8 28. Rf1 Rd4 29. Nxf6 h6 30. Kc1 Bc4 31. Bxc4 Rxc4 32. Kd2 Kg6 33. Kd3
b5 34. Ne4 Rd4+ 35. Ke3 b4 36. Rf6+ Kg7 37. Rd6 Rd5 38. Rxd5 cxd5 39. Nd6 Kf6
40. a4 bxa3 41. bxa3 b5 42. Nxb5 Kg5 43. Nd6 1-0

[Event "ChBLR2012w"]
[Site "?"]
[Date "2012.01.16"]
[Round "7.3"]
[White "Stetsko, Lanita"]
[Black "Eidelson, Rakhil"]
[Result "1-0"]
[WhiteElo "2115"]
[BlackElo "2251"]
[PlyCount "75"]
[EventDate "2012.01.11"]
[SourceDate "2012.01.11"]

1. e4 a6 2. d4 b5 3. Bd3 Bb7 4. Nf3 e6 5. O-O c5 6. dxc5 Bxc5 7. e5 f5 8. a4 b4
9. Nbd2 Nh6 10. Nc4 Nf7 11. Qe2 O-O 12. Be3 Bxe3 13. Qxe3 Nc6 14. a5 Rb8 15.
Rfd1 Qe7 16. Be2 g5 17. Nd4 g4 18. Nxc6 Bxc6 19. Nd6 Ng5 20. Rd4 h5 21. Kf1 Qg7
22. Bxa6 f4 23. Rxf4 Rxf4 24. Qxf4 Rf8 25. Qe3 h4 26. Bb7 Bxb7 27. Nxb7 Nf3 28.
a6 Nxh2+ 29. Ke2 g3 30. f3 h3 31. a7 hxg2 32. a8=Q g1=N+ 33. Qxg1 Qxe5+ 34. Qe3
Qb5+ 35. Qd3 Qe5+ 36. Qe4 Qb5+ 37. Kd2 Qg5+ 38. f4 1-0

[Event "ChBLR2012w"]
[Site "?"]
[Date "2012.01.16"]
[Round "7.4"]
[White "Tereshkova, Marina"]
[Black "Ziaziulkina, Nastassia"]
[Result "0-1"]
[WhiteElo "1903"]
[BlackElo "2290"]
[PlyCount "94"]
[EventDate "2012.01.11"]
[SourceDate "2012.01.11"]

1. e4 c5 2. Nf3 d6 3. d4 cxd4 4. Nxd4 Nf6 5. Nc3 a6 6. Be3 e5 7. Nb3 Be6 8. f3
Nbd7 9. Qd2 h5 10. Nd5 Bxd5 11. exd5 g6 12. c4 Qc7 13. Bd3 Bg7 14. Rc1 b6 15.
O-O O-O 16. Qf2 Rae8 17. Qh4 e4 18. Bxe4 Nxe4 19. fxe4 Bxb2 20. Rc2 Bg7 21. Bg5
Ne5 22. Kh1 Nd3 23. Rf3 Ne5 24. Rf1 Rc8 25. Nd4 Qb7 26. h3 Rc7 27. Rb1 Rb8 28.
Bf6 Bxf6 29. Qxf6 Rxc4 30. Rxc4 Nxc4 31. Rf1 Ne5 32. Rc1 Re8 33. Nc6 Nd3 34.
Rb1 b5 35. Rf1 Rxe4 36. Nb8 Qe7 37. Qc3 Nc5 38. Nxa6 Rc4 39. Qa5 Ne4 40. Rb1
Ng3+ 41. Kh2 Qe5 42. Qxb5 Rc2 43. Kg1 Qe3+ 44. Kh2 Qf4 45. Qb6 Nf1+ 46. Kg1
Qh2+ 47. Kxf1 Qxg2+ 0-1

[Event "ChBLR2012w"]
[Site "?"]
[Date "2012.01.16"]
[Round "7.5"]
[White "Sharevich, Anna"]
[Black "Morgaenko, Ekaterina"]
[Result "1-0"]
[WhiteElo "2267"]
[BlackElo "1866"]
[PlyCount "75"]
[EventDate "2012.01.11"]
[SourceDate "2012.01.11"]

1. d4 c5 2. d5 e5 3. c4 f5 4. Nc3 d6 5. g3 Nf6 6. Bg2 g6 7. Nh3 h6 8. f3 Bg7 9.
Nf2 O-O 10. e4 Na6 11. Bd2 Nc7 12. Qc1 Kh7 13. O-O a6 14. a4 b6 15. Qc2 Bd7 16.
b3 Kh8 17. Rae1 b5 18. f4 Ng8 19. Nd3 b4 20. Nd1 exf4 21. e5 dxe5 22. Nxe5 Bxe5
23. Rxe5 fxg3 24. hxg3 Qf6 25. Bc1 Kh7 26. Ree1 Rae8 27. Qf2 Qd6 28. Bf4 Qb6
29. Be3 Rxe3 30. Rxe3 Ne8 31. Rfe1 Nef6 32. Qb2 Qd8 33. Nf2 a5 34. d6 Qb6 35.
Re7+ Nxe7 36. Rxe7+ Kg8 37. Bd5+ Kh8 38. Rxd7 1-0

[Event "ChBLR2012w"]
[Site "?"]
[Date "2012.01.18"]
[Round "8.1"]
[White "Nevioselaya, Maria"]
[Black "Morgaenko, Ekaterina"]
[Result "1-0"]
[WhiteElo "1959"]
[BlackElo "1866"]
[PlyCount "143"]
[EventDate "2012.01.11"]
[SourceDate "2012.01.11"]

1. e4 c6 2. d4 d5 3. Nc3 dxe4 4. Nxe4 Nf6 5. Nxf6+ gxf6 6. c3 Qc7 7. g3 Bf5 8.
Bg2 e6 9. Nf3 Nd7 10. O-O O-O-O 11. Nh4 Bg6 12. b4 e5 13. Qa4 Kb8 14. Be3 Nb6
15. Qb3 Bd3 16. Rfd1 Bc4 17. Qc2 Bd5 18. Bh3 Nc4 19. Bc1 h5 20. Nf5 Nd6 21. Bg2
Nxf5 22. Qxf5 Be7 23. Be3 Be6 24. Qc2 h4 25. a4 hxg3 26. hxg3 Qc8 27. b5 Bd5
28. f3 c5 29. dxe5 fxe5 30. c4 Be6 31. Qe4 Bf6 32. g4 Bg7 33. Rxd8 Rxd8 34. Qc2
e4 35. Rf1 exf3 36. Rxf3 Bd4 37. g5 Qd7 38. Bf2 Bg4 39. Ra3 Re8 40. Be4 Bxf2+
41. Kxf2 Qd4+ 42. Re3 Bf5 43. Kf3 Bg6 44. Qh2+ Ka8 45. Bxb7+ Kxb7 46. Rxe8 Qd1+
47. Kf2 Qd2+ 48. Re2 Qd4+ 49. Kf3 Qd3+ 50. Kf2 Qd4+ 51. Kg3 Qd3+ 52. Kf2 Qd4+
53. Kf3 Qd3+ 54. Re3 Be4+ 55. Kf2 Qd2+ 56. Re2 Qd4+ 57. Kg3 Qe5+ 58. Kh4 Qh8+
59. Kg4 Qc8+ 60. Kg3 Qf5 61. Rxe4 Qxe4 62. Qg2 Qxg2+ 63. Kxg2 Kb6 64. Kf3 Ka5
65. Ke4 Kxa4 66. Ke5 Kb3 67. Kf6 Kxc4 68. Kxf7 Kd3 69. g6 c4 70. g7 c3 71. g8=Q
c2 72. Qg5 1-0

[Event "ChBLR2012w"]
[Site "?"]
[Date "2012.01.18"]
[Round "8.3"]
[White "Eidelson, Rakhil"]
[Black "Tereshkova, Marina"]
[Result "1-0"]
[WhiteElo "2251"]
[BlackElo "1903"]
[PlyCount "49"]
[EventDate "2012.01.11"]
[SourceDate "2012.01.11"]

1. d4 Nf6 2. Nf3 e6 3. g3 b6 4. Bg2 Bb7 5. O-O Be7 6. c4 c5 7. d5 exd5 8. Nh4
O-O 9. Nf5 d6 10. cxd5 Re8 11. Nxe7+ Qxe7 12. Nc3 Ba6 13. Re1 b5 14. a4 b4 15.
Nb5 Bb7 16. Bf4 Rd8 17. e4 a6 18. Nxd6 Rxd6 19. Bxd6 Qxd6 20. e5 Qb6 21. exf6
Nd7 22. fxg7 Nf6 23. Re7 Rd8 24. a5 Qb5 25. Qf3 1-0

[Event "ChBLR2012w"]
[Site "?"]
[Date "2012.01.18"]
[Round "8.4"]
[White "Kasperovich, Ekaterina"]
[Black "Stetsko, Lanita"]
[Result "0-1"]
[WhiteElo "2056"]
[BlackElo "2115"]
[PlyCount "88"]
[EventDate "2012.01.11"]
[SourceDate "2012.01.11"]

1. d4 Nf6 2. c4 e6 3. Nc3 Bb4 4. Qc2 Nc6 5. Nf3 d6 6. a3 Bxc3+ 7. Qxc3 Qe7 8.
g3 e5 9. dxe5 dxe5 10. Bg2 a5 11. b3 O-O 12. O-O Ne4 13. Qc2 Nd6 14. c5 Nf5 15.
e3 Be6 16. Bb2 f6 17. g4 Nh6 18. h3 Qf7 19. Nd2 Bd5 20. f3 Qg6 21. Qxg6 hxg6
22. Rfd1 Rfd8 23. Bf1 Nf7 24. h4 Rd7 25. Bc3 Rad8 26. Be2 Kf8 27. Kf2 Be6 28.
Ke1 Ke7 29. Bb5 Rh8 30. Nc4 Rxh4 31. Rxd7+ Bxd7 32. Kf2 Ng5 33. Rd1 Rh2+ 34.
Kg3 Rh3+ 35. Kg2 Rxf3 36. Bxa5 Bxg4 37. Bxc7 Ne4 38. Rf1 Rg3+ 39. Kh2 Rh3+ 40.
Kg2 Rh5 41. Bd6+ Ke6 42. Rh1 Rg5 43. Rh8 Be2+ 44. Kh2 Bf3 0-1

[Event "ChBLR2012w"]
[Site "?"]
[Date "2012.01.20"]
[Round "9.5"]
[White "Morgaenko, Ekaterina"]
[Black "Ziaziulkina, Nastassia"]
[Result "0-1"]
[WhiteElo "1866"]
[BlackElo "2290"]
[PlyCount "76"]
[EventDate "2012.01.11"]
[SourceDate "2012.01.11"]

1. d4 f5 2. c4 Nf6 3. Nc3 g6 4. g3 Bg7 5. Bg2 O-O 6. e3 d6 7. Nf3 c6 8. O-O Qe8
9. d5 Na6 10. Qc2 e5 11. dxe6 Bxe6 12. Ne2 Rd8 13. Ned4 Bc8 14. Rb1 c5 15. Ne2
f4 16. Qb3 fxg3 17. hxg3 Bf5 18. Ra1 Nb4 19. Ne1 g5 20. a3 Qh5 21. f3 Nc6 22.
Nd3 Kh8 23. Nf2 Ne5 24. e4 Be6 25. Bxg5 Bxc4 26. Qc2 Bxe2 27. Qxe2 Qxg5 28. f4
Qh5 29. Qxh5 Nxh5 30. fxe5 Nxg3 31. Rfd1 Bxe5 32. Nd3 Bd4+ 33. Kh2 Rg8 34. Rab1
Rde8 35. Re1 Re6 36. Nf4 Rh6+ 37. Bh3 Be5 38. Nd3 Nf1+ 0-1

[Event "ChBLR2012w"]
[Site "?"]
[Date "2012.01.20"]
[Round "9.4"]
[White "Sharevich, Anna"]
[Black "Eidelson, Rakhil"]
[Result "1/2-1/2"]
[WhiteElo "2267"]
[BlackElo "2251"]
[PlyCount "66"]
[EventDate "2012.01.11"]
[SourceDate "2012.01.11"]

1. d4 Nf6 2. c4 c5 3. d5 d6 4. Nc3 g6 5. g3 Bg7 6. Bg2 O-O 7. Nf3 Na6 8. O-O
Nc7 9. h3 b5 10. cxb5 a6 11. bxa6 Bxa6 12. Re1 Qb8 13. e4 Nd7 14. Qc2 Nb5 15.
Nxb5 Qxb5 16. Bf1 Qb7 17. Bxa6 Rxa6 18. Re3 Rfa8 19. a3 Ra4 20. Rb1 Qc8 21. b3
R4a6 22. Re1 Nb6 23. Kg2 c4 24. Be3 cxb3 25. Qxc8+ Rxc8 26. Rxb3 Nc4 27. Bg5 h6
28. Bc1 Rca8 29. Re2 Nxa3 30. Ra2 Nc4 31. Rxa6 Rxa6 32. Rb4 Nb6 33. Be3 Nd7
1/2-1/2

[Event "ChBLR2012w"]
[Site "?"]
[Date "2012.01.20"]
[Round "9.3"]
[White "Tereshkova, Marina"]
[Black "Kasperovich, Ekaterina"]
[Result "1/2-1/2"]
[WhiteElo "1903"]
[BlackElo "2056"]
[PlyCount "79"]
[EventDate "2012.01.11"]
[SourceDate "2012.01.11"]

1. e4 e5 2. Nf3 Nc6 3. Bb5 a6 4. Ba4 Nf6 5. d3 d6 6. c3 Be7 7. Nbd2 O-O 8. Nf1
b5 9. Bc2 d5 10. exd5 Nxd5 11. Ng3 Be6 12. d4 exd4 13. Nxd4 Nxd4 14. Qxd4 Nb4
15. Qe4 Nxc2+ 16. Qxc2 Bc4 17. Be3 Qd5 18. Qe4 Bf6 19. Rd1 Qxe4 20. Nxe4 Be7
21. b3 Be6 22. Bc5 Rfe8 23. O-O Bd8 24. f3 f5 25. Ng3 Bf6 26. Bd4 Be7 27. Rfe1
Bf8 28. Be5 Rac8 29. Nh5 Bf7 30. Ng3 g6 31. f4 a5 32. Re2 Bc5+ 33. Kh1 Red8 34.
Red2 Rxd2 35. Rxd2 Be6 36. Ne2 Kf7 37. Nd4 Bxd4 38. Rxd4 Ke7 39. Kg1 Kf7 40.
Kf2 1/2-1/2

[Event "ChBLR2012w"]
[Site "?"]
[Date "2012.01.20"]
[Round "9.1"]
[White "Revo, Tatiana"]
[Black "Nevioselaya, Maria"]
[Result "1-0"]
[WhiteElo "2066"]
[BlackElo "1959"]
[PlyCount "111"]
[EventDate "2012.01.11"]
[SourceDate "2012.01.11"]

1. e4 c6 2. d4 d5 3. Nc3 dxe4 4. Nxe4 Bf5 5. Ng3 Bg6 6. h4 h6 7. Nf3 Nd7 8. h5
Bh7 9. Bd3 Bxd3 10. Qxd3 e6 11. Bd2 Ngf6 12. O-O-O Be7 13. Ne4 Nxe4 14. Qxe4
Nf6 15. Qd3 Qd5 16. c4 Qe4 17. Qb3 b5 18. Rhe1 Qf5 19. Ne5 Rc8 20. f3 O-O 21.
Ng6 fxg6 22. Re5 bxc4 23. Qb7 Nd5 24. Rxf5 gxf5 25. Qd7 Bf6 26. Qxe6+ Kh8 27.
Qxf5 Bxd4 28. Qe4 Bf6 29. Qxc4 Rb8 30. b3 a5 31. a3 Nb6 32. Qc5 Nd7 33. Qd6
Rfd8 34. Bxa5 Nb6 35. Qc5 Bg5+ 36. Kc2 Rxd1 37. Kxd1 Nd5 38. Bd2 Bf6 39. Qxc6
Ne7 40. Qe6 Rd8 41. Ke2 Nd5 42. a4 Nc7 43. Qf7 Re8+ 44. Kf1 Re7 45. Qc4 Rd7 46.
Bc3 Bg5 47. a5 Nd5 48. Kf2 Nf4 49. g3 Nd5 50. f4 Be7 51. Be5 Nb4 52. Qe6 Nd3+
53. Kg2 Nxe5 54. fxe5 Rd2+ 55. Kh3 Bc5 56. Qc8+ 1-0